Normal view
MARC view
Entry Topical Term
001 - CONTROL NUMBER
- control field: 255379
003 - CONTROL NUMBER IDENTIFIER
- control field: OSt
005 - DATE AND TIME OF LATEST TRANSACTION
- control field: 20260217160541.0
008 - FIXED-LENGTH DATA ELEMENTS
- fixed length control field: 260217|| aca||aabn | a|a d
040 ## - CATALOGING SOURCE
- Original cataloging agency: OSt
- Transcribing agency: OSt
150 ## - HEADING--TOPICAL TERM
- Topical term or geographic name entry element: parampara
670 ## - SOURCE DATA FOUND
- Source citation: Work cat.: (OSt)123251: PRABHUNE (Anupama Ratnakar) प्रभुने (अनुपमा रत्नाकर) 255374, Hindi vyangy parampara mein shankar puntambekar ka yogdan, 2009